LEADER 01273nam0 22003493i 450 001 RMS0023478 005 20251003044343.0 010 $a8825171218 100 $a20130827d1995 ||||0itac50 ba 101 | $aita 102 $ait 181 1$6z01$ai $bxxxe 182 1$6z01$an 200 1 $aMatematica discreta$eesercizi$fAlberto Alzati, Mariangela Bianchi, Massimo Cariboni 210 $aMilano, Citta Studi$d1995 215 $a287 p.$d24 cm 606 $aMatematica discreta$2FIR$3VEAC438082$9N 676 $a510.76$9$v12 676 $a510.76$9MATEMATICA. Prontuari ed esercizi$v21 676 $a511$9Principi generali della matematica$v14 676 $a511.1$9MATEMATICA FINITA$v22 700 1$aAlzati$b, Alberto$3CFIV121432$4070$0308118 701 1$aCariboni$b, Massimo$3CFIV051047$4070$0429910 701 1$aBianchi$b, Mariangela$3RMSV015466$4070$0771586 801 3$aIT$bIT-000000$c20130827 850 $aIT-BN0095 901 $bNAP 01$cSALA DING $n$ 912 $aRMS0023478 950 0$aBiblioteca Centralizzata di Ateneo$b1 v.$c1 v.$d 01SALA DING 511 ALZ.ma$e 0102 0000021365 VMA A4 1 v.$fY $h19960201$i19960201 977 $a 01 996 $aMatematica discreta$91574670 997 $aUNISANNIO